000 00327nam a2200145Ia 4500
100 _aBrick/ R.M.
650 _aChemistry
942 _cRB
654 _aalloys
245 _aStructure and properties of alloys
260 _bEurasia publishing house
_aNew Delhi
_c1966
082 _a669.9
300 _a503
546 _aENGLISH
999 _c19190
_d19190